History Quiz

Random History or Country Quiz

Countries and Founders by Picture Quiz Stats

 Plays Quiz not verified by Sporcle

Challenge
Share
Tweet
Score 0/32 Timer 06:00
0 Plays Today
Photo Answer % Correct
DThe United States of America
92.6%
DGeorge Washington
92.4%
CIndia
87.9%
CMohandas Gandhi
83.2%
IGermany
75.7%
AThe Russian Empire
70.3%
GVietnam
63.4%
GHo Chi Minh
55.8%
IOtto von Bismarck
53.3%
ENorth Korea
51.6%
BTurkey
47.4%
LIsrael
46.4%
EKim Il-Sun
42.8%
JSimón Bolívar
37.2%
BMustafa Kemal Ataturk
36.2%
JBolivia
33.6%
Photo Answer % Correct
KHaiti
32.9%
FIreland
32.9%
OIraq
30.2%
PMexico
29.8%
AIvan IV
29.5%
MThe Netherlands
29%
LDavid Ben-Gurion
23.3%
HThe Philippines
20.7%
MWillem van Oranje
19.5%
NGhana
18.9%
KToussaint L'Ouverture
14.5%
FMichael Collins
14%
OFaisal bin al-Hussein bin Ali al-Hashemi
7.6%
NKwame Nkrumah
6.8%
PMiguel Hidalgo y Costilla
5.4%
HEmilio Aguinaldo
2.3%

You're not logged in!

Compare scores with friends on all Sporcle quizzes.
Join for Free
OR
Log In

You Might Also Like...

Show Comments

Extras

Editor's Pick Jun 20, 2010ReportNominate
Tags:Country Quiz, founder, Image Quiz

Top Quizzes Today


Score Distribution

Your Account Isn't Verified!

In order to create a playlist on Sporcle, you need to verify the email address you used during registration. Go to your Sporcle Settings to finish the process.

Report this User

Report this user for behavior that violates our Community Guidelines.

Details: